Statistiques concernant Drapeaux des communautés autonomes d'Espagne

Cliquez ici pour prendre le quiz!

Statistiques générales

  • Ce quiz a été pris 147 fois
  • Le résultat moyen est 8 sur 19

Statistiques - réponses

Réponse% Correct
Catalogne
86%
Andalousie
80%
Pays Basque
76%
Asturies
57%
Galice
51%
Aragon
50%
Communauté Valencienne
46%
Castille-et-Leon
44%
Madrid
44%
Navarre
42%
Iles Baleares
38%
Iles Canaries
38%
Castille-la-Manche
35%
Ceuta
35%
Murcie
29%
La Rioja
28%
Melilla
23%
Cantabrie
22%
Estramadure
14%

Distribution des résultats

Percentile par nombre de réponses

% des personnes avec chaque résultat

Votre développement - résultats

Vous n’avez pas pris ce quiz